ARRUPE JESUIT UNIVERSITY

CORONAVIRUS -STOP THE SPREAD - CLEAN,DISINFECT,COVER

Bemba-speaking women in Zambia in a century of religious change (1892-1992) (Record no. 122541)

MARC details
000 -LEADER
fixed length control field 00840nam a22002177a 4500
008 - FIXED-LENGTH DATA ELEMENTS--GENERAL INFORMATION
fixed length control field 150327b xxu||||| |||| 00| 0 eng d
050 ## - LIBRARY OF CONGRESS CALL NUMBER
Classification number BX1682.Z3H662 1994
100 ## - MAIN ENTRY--PERSONAL NAME
Personal name Hinfelaar, H.F.
9 (RLIN) 16747
245 ## - TITLE STATEMENT
Title Bemba-speaking women in Zambia in a century of religious change (1892-1992)
Statement of responsibility, etc /by Hugo F. Hinfelaar
260 ## - PUBLICATION, DISTRIBUTION, ETC. (IMPRINT)
Place of publication, distribution, etc Leiden
Name of publisher, distributor, etc E.J. Brill
Date of publication, distribution, etc 1994
300 ## - PHYSICAL DESCRIPTION
Extent xiv,224p. ;
Dimensions 21cm.
440 ## - SERIES STATEMENT/ADDED ENTRY--TITLE
Title Studies of religion in Africa
Number of part/section of a work no.11
9 (RLIN) 16748
650 ## - SUBJECT ADDED ENTRY--TOPICAL TERM
Topical term or geographic name as entry element women, Bemba
9 (RLIN) 16749
650 ## - SUBJECT ADDED ENTRY--TOPICAL TERM
Topical term or geographic name as entry element Bemba (African people)
General subdivision Religion
9 (RLIN) 16750
650 ## - SUBJECT ADDED ENTRY--TOPICAL TERM
Topical term or geographic name as entry element Christianity and other religions
General subdivision African
9 (RLIN) 10506
650 ## - SUBJECT ADDED ENTRY--TOPICAL TERM
Topical term or geographic name as entry element Catholic churches
General subdivision History
Geographic subdivision Zambia
9 (RLIN) 16751
650 ## - SUBJECT ADDED ENTRY--TOPICAL TERM
Topical term or geographic name as entry element Zambia
General subdivision Church history
9 (RLIN) 16752
700 ## - ADDED ENTRY--PERSONAL NAME
Personal name Adrian Hastings (series editor)
9 (RLIN) 16753
700 ## - ADDED ENTRY--PERSONAL NAME
Personal name Marc R. Spindler (series editor)
9 (RLIN) 16754
942 ## - ADDED ENTRY ELEMENTS (KOHA)
Source of classification or shelving scheme Library of Congress Classification
Item type Monograph ( Printed materials)
Holdings
Withdrawn status Lost status Source of classification or shelving scheme Damaged status Not for loan Collection code Home library Current library Shelving location Date acquired Total Checkouts Full call number Barcode Date last seen Price effective from Koha item type
    Library of Congress Classification     Main Collection ARRUPE LIBRARY ARRUPE LIBRARY Main Collection 27/03/2015   BX1682.Z3H662 1994 46500002589 27/03/2015 27/03/2015 Monograph ( Printed materials)

 

Arrupe Library. PO Box MP320 Mt Pleasant, Harare, Zimbabwe
263 242 745411|librarian@aju.ac.zw